Telemarketing
Charakteristika telemarketingu. Hlavné výhody telemarketingu. Aktívny telemarketing - outbound telemarketing, jeho výhody a nevýhody. Pasívny telemarketing - inbound telemarketing, jeho výhody a nevýhody. Kvalita call centra.
Na minha lista:
| Autor principal: | |
|---|---|
| Formato: | Capítulo de Livro |
| Idioma: | eslovaco |
| Assuntos: | |
| Tags: |
Sem tags, seja o primeiro a adicionar uma tag!
|
MARC
| LEADER | 00000nla$a2200000$$$4500 | ||
|---|---|---|---|
| 001 | 0101348 | ||
| 005 | 20240502072115.9 | ||
| 041 | 0 | |a slo | |
| 044 | |a SK | ||
| 245 | 1 | 0 | |a Telemarketing |c Lucia Michalková |
| 520 | |a Charakteristika telemarketingu. Hlavné výhody telemarketingu. Aktívny telemarketing - outbound telemarketing, jeho výhody a nevýhody. Pasívny telemarketing - inbound telemarketing, jeho výhody a nevýhody. Kvalita call centra. | ||
| 610 | 2 | 0 | |a marketing priamy |
| 610 | 2 | 0 | |a telemarketing |
| 610 | 2 | 0 | |a firmy |
| 610 | 2 | 0 | |a predaj |
| 610 | 2 | 0 | |a operátori |
| 610 | 2 | 0 | |a zákazníci |
| 610 | 2 | 0 | |a kvalita |
| 610 | 2 | 0 | |a telefón |
| 610 | 2 | 0 | |a komunikácia |
| 100 | 1 | |a Michalková, Lucia | |